Manual de fórmulas de ingeniería
-д хадгалсан:
| Үндсэн зохиолч: | |
|---|---|
| Формат: | Ном |
| Хэл сонгох: | испани |
| Хэвлэсэн: |
Cuernavaca
Limusa
2012
|
| Хэвлэл: | 2a. ed |
| Нөхцлүүд: | |
| Шошгууд: |
Шошго нэмэх
Шошго байхгүй, Энэхүү баримтыг шошголох эхний хүн болох!
|
MARC
| LEADER | 00000cam a2200000 a 4500 | ||
|---|---|---|---|
| 001 | UCF9216 | ||
| 003 | CL-VaPUC | ||
| 008 | 131025e20120000mx |||||||||||||||||spa|d | ||
| 020 | |a 9789681840082 | ||
| 082 | 0 | 4 | |a 519.4 |b GAR |2 21 |
| 100 | 0 | |a García Díaz, Rafael |e author |9 571472 | |
| 245 | 1 | 0 | |a Manual de fórmulas de ingeniería |
| 250 | |a 2a. ed | ||
| 300 | |a pág. irreg | ||
| 942 | |c BK | ||
| 945 | |d 20131025 12:28:00 |a dcastane | ||
| 260 | |a Cuernavaca |b Limusa |c 2012 | ||
| 650 | 0 | |a Matemáticas para ingenieros |9 259317 | |
| 650 | 7 | |a FORMULAS |2 CL-VaPUC |9 326546 | |
| 583 | |a last modification |c 20131025 12:28:00 |k Rodrigo Vera | ||
| 999 | |c 353690 |d 353688 | ||
| 952 | |0 0 |1 0 |3 erb |4 0 |6 519_400000000000000_GAR_2012 |7 0 |8 F |9 459052 |a BIBMEC |b BIBMEC |d 2019-11-23 |i 5024773 |o 519.4 GAR 2012 |p 5024773 |r 2024-01-19 |w 2019-11-23 |y BK_F |z Catalogado en:20131025 |k MEC | ||